000 01600nam a2200433 c 4500
001 12388
003 ES-MaCES
005 20150929135433.0
008 010711s2001 sp l 100 | spa d
017 _aM 21987-2001
_bDL
020 _a8472488616
035 _aCES20010010034m
040 _aES-MaCES
_bspa
_cES-MaCES
245 0 3 _aLa reciente Jurisprudencia comunitaria comentada
_pT. II
_cJosé Eugenio Soriano García (dir.) ; María Matilde Sánchez Gutiérrez (coord.) ; [autores], Clemente Checa González ... [et al.]
260 _aMadrid
_bBarcelona
_cMarcial Pons, Ediciones Jurídicas y Sociales
_e2001
300 _a466 p.
_c24 cm
490 1 _aMonografías jurídicas
500 _aRecoge los trabajos presentados en el "Seminario de Derecho Público y Comunitario"
500 _aÍndices
541 _cCompra
650 4 _aderecho comunitario
_929866
650 4 _ajurisprudencia
_928624
650 4 _aTribunal de Justicia CE
_929490
650 4 _a1998-1999
_931252
650 4 _atexto
_929624
650 4 _acomentario
_928971
650 4 _adoctrina jurídica
_930888
650 4 _aconferencia
_927013
653 1 0 _aJurisprudencia
650 4 _926752
_aUE
700 1 _aCheca González, Clemente
_99542
700 1 _aSoriano García, José Eugenio
_edir.
_924291
700 1 _aSánchez Gutiérrez, María Matilde
_ecol.
_923260
711 2 _aSeminario de Derecho Público y Comunitario
_9680
830 0 _aMonografías jurídicas (Marcial Pons (Firma))
_932181
902 _aLIB Libro
942 _2CES
_cBK
_h6.2.
999 _c12388
_d12388